Statistics for Name a Valid Five Letter Word

Click here to take the quiz!

General Stats

  • This quiz has been taken 2,792 times
  • The average score is 11 of 16

Answer Stats

#ClueWords% Correct
56starts with a Qquick | queen | quake + 53 more
97%
36ends with INGbring | going | doing + 33 more
94%
71starts with SCscrap | scale | scout + 68 more
92%
510starts and ends with the same lettersnows | toast | going + 507 more
85%
209contains an Xsixty | excel | boxes + 206 more
84%
56starts with a Zzooms | zippy | zebra + 53 more
82%
35contains the letters ABC in any orderbacon | batch | cobra + 32 more
75%
748contains a double consonantupper | hilly | chess + 745 more
68%
26can be made from the letters ELEPHANTplant | eaten | petal + 23 more
65%
11is in the 100 Most Common English Wordswould | there | their + 8 more
65%
23contains a Q but doesn't start with oneequal | squat | squid + 20 more
61%
25is a palindrome word (same forwards and reversed)level | refer | stats + 22 more
52%
36contains no vowels (AEIOU)hymns | myths | synth + 33 more
46%
5starts with a J and ends with an Ejambe | jesse | joule | judge | juice
44%
25contains an X and a Yproxy | sixty | oxeye + 22 more
42%
21contains 4 vowels (AEIOU)audio | adieu | eerie + 18 more
39%

Score Distribution

Percentile by Number Answered

Percent of People with Each Score

Your Score History

You have not taken this quiz